000 00564nam a2200181Ia 4500
008 151202s9999||||xx |||||||||||||| ||und||
082 _bPNVM-3485
100 _aHOWARD ALBERT & HOWARD GABRIELLE L. C.
245 _aTHE DEVELOPMENT OF INDIA AGRICULTURE.
260 _b"H.MILFORD, LONDON."
260 _c1920
300 _a200
600 _aHOWARD ALBERT & HOWARD GABRIELLE L. C.
630 _aTHE DEVELOPMENT OF INDIA AGRICULTURE.
700 _aHOWARD ALBERT & HOWARD GABRIELLE L. C.
730 _aTHE DEVELOPMENT OF INDIA AGRICULTURE.
942 _cBOOK
999 _c1269483
_d1269480